|
|
|
|
| LEADER |
00000nam a2200000 a 4500 |
| 001 |
vtls008158224 |
| 003 |
SK-MaSNL |
| 005 |
20260301164241.0 |
| 008 |
251029s2004 xo g 000 0 slo |
| 015 |
|
|
|a SNBA2005/09-03343
|
| 020 |
|
|
|a 8071144622
|q (brož.)
|
| 035 |
|
|
|a 2E0A42A6-4CDD-4E4C-B7F1-84387D00DD8A
|
| 035 |
|
|
|a urn:nbn:sk:snk-amjdxc
|
| 035 |
|
|
|a urn:nbn:sk:snk-am00289p
|
| 040 |
|
|
|a SNK
|b slo
|c SNK
|e AACR2
|
| 041 |
0 |
|
|a slo
|
| 044 |
|
|
|a xo
|c SK
|
| 072 |
|
7 |
|a 27-4
|x Praktická teológia. Morálna teológia
|2 konspekt
|
| 080 |
|
|
|a 27-4
|2 2001
|
| 080 |
|
|
|a 27-184.3
|2 2001
|
| 080 |
|
|
|a 27-423.79
|2 2001
|
| 080 |
|
|
|a (0.064)
|2 2001
|
| 080 |
|
|
|a 27-428-242.6
|2 2001
|
| 100 |
1 |
|
|a Michalov, Jozef,
|d 1933-2018
|4 aut
|9 173860
|
| 245 |
1 |
0 |
|a Desať Božích prikázaní
|c Jozef Michalov
|
| 250 |
|
|
|a 1. vyd.
|
| 260 |
|
|
|a Bratislava
|b Lúč
|c 2004
|
| 300 |
|
|
|a 75 s.
|c 15 cm
|
| 490 |
1 |
|
|a Pramene
|v 76
|
| 504 |
|
|
|a Bibliogr. Použ. skrat.
|
| 630 |
0 |
7 |
|a Desatoro
|2 SNKPH
|9 392126
|
| 650 |
0 |
7 |
|a kresťanský život
|2 SNKPH
|9 1808
|
| 650 |
0 |
7 |
|a kresťanská viera
|2 SNKPH
|9 1712
|
| 650 |
0 |
7 |
|a kresťanská láska
|2 SNKPH
|9 4352
|
| 655 |
|
7 |
|a výklady
|2 SNKPH
|9 29178
|
| 830 |
|
0 |
|a Pramene
|9 282466
|
| 919 |
|
|
|a 80-7114-462-2
|
| 968 |
|
|
|d 2
|
| 999 |
|
|
|c 819917
|d 821847
|
| 952 |
|
|
|a SNK
|b SNK
|y VYP
|7 0
|p 17A0471999
|o snkSD 74809 D1
|i snk2005/9588
|8 0
|0 0
|1 0
|4 0
|d 2005-06-03
|f 1
|l 0
|r 2017-06-30 00:00:00
|w 2026-02-24
|
| 952 |
|
|
|a SNK
|b SNK
|y PREZ
|7 0
|p 17A0471998
|o snkSD 74809
|i snk2005/9587
|8 0
|0 0
|1 0
|4 0
|d 2005-06-03
|l 0
|r 2025-11-21 00:00:00
|w 2026-02-24
|